Advances in Coastal and Ocean Engineering : (Record no. 2548)
[ view plain ]
| 000 -LEADER | |
|---|---|
| fixed length control field | 01016nac a22002291u 4500 |
| 008 - FIXED-LENGTH DATA ELEMENTS--GENERAL INFORMATION | |
| fixed length control field | 100913t xxu||||| |||| 00| 0 eng d |
| 010 ## - LIBRARY OF CONGRESS CONTROL NUMBER | |
| LC control number | 006613630 |
| 020 ## - INTERNATIONAL STANDARD BOOK NUMBER | |
| International Standard Book Number | 9810249527 |
| 082 ## - DEWEY DECIMAL CLASSIFICATION NUMBER | |
| Classification number | 627.58 |
| Item number | ADV |
| 245 ## - TITLE STATEMENT | |
| Title | Advances in Coastal and Ocean Engineering : |
| Remainder of title | Interaction of strong turbulence with free surfaces / |
| Statement of responsibility, etc | Guest editors M. Brocchini , D.H.Pergrine; Editor Philip L.-F. Liu |
| 260 ## - PUBLICATION, DISTRIBUTION, ETC. (IMPRINT) | |
| Place of publication, distribution, etc | Genova, Italy |
| Name of publisher, distributor, etc | World Scientific, |
| Date of publication, distribution, etc | 2002. |
| 300 ## - PHYSICAL DESCRIPTION | |
| Extent | 145 P. ; |
| Dimensions | 22cm. |
| 490 ## - Series Statement | |
| Series statement | Advances in coastal and ocean engineering ; vol 8 |
| Volume/sequential designation | vol 8 |
| -- | 18862 |
| 500 ## - GENERAL NOTE | |
| General note | Papers based on those given at the conference. |
| 600 ## - SUBJECT ADDED ENTRY--PERSONAL NAME | |
| Personal name | M.Brocchini , D.H.Pergrine |
| 9 (RLIN) | 18863 |
| 650 ## - SUBJECT ADDED ENTRY--TOPICAL TERM | |
| Topical term or geographic name as entry element | Coastal engineering |
| 9 (RLIN) | 18860 |
| 650 ## - SUBJECT ADDED ENTRY--TOPICAL TERM | |
| Topical term or geographic name as entry element | Ocean engineering |
| 9 (RLIN) | 18861 |
| 700 ## - ADDED ENTRY--PERSONAL NAME | |
| 9 (RLIN) | 18858 |
| Personal name | Brocchini, M. |
| 700 ## - ADDED ENTRY--PERSONAL NAME | |
| 9 (RLIN) | 18859 |
| Personal name | Peregrine, D. H. |
| 942 ## - ADDED ENTRY ELEMENTS (KOHA) | |
| Item type | Book - Borrowing |
| Call number prefix | 627.58ADV |
| Source of classification or shelving scheme | Dewey Decimal Classification |
| Withdrawn status | Item status | Source of classification or shelving scheme | Damaged status | Not for loan | Vendor | Home library | Current library | Shelving location | Date acquired | Source of acquisition | Total Checkouts | Full call number | Barcode | Date last seen | Date last borrowed | Koha item type |
|---|---|---|---|---|---|---|---|---|---|---|---|---|---|---|---|---|
| Dewey Decimal Classification | Central Library | Central Library | First floor | 13/09/2010 | 3 | 627.58 ADV | 000001631 | 15/07/2025 | 28/05/2014 | Book - Borrowing |